000 03463nam a2200409Ii 4500
001 9781787569133
003 UtOrBLW
005 20210303084805.0
006 m o d
007 cr un|||||||||
008 191219t20192020enk o 001 0 eng d
020 _a9781787569133
040 _aUtOrBLW
_beng
_erda
_cUtOrBLW
050 4 _aBF698.35.V85
_bV85 2019
072 7 _aPSY023000
_2bisacsh
072 7 _aJMS
_2bicssc
080 _a159.9
082 0 4 _a128.4
_223
245 0 0 _aVulnerability in a mobile world /
_cedited by Helen Forbes-Mewett (Monash University, Australia).
264 1 _bEmerald Publishing Limited,
300 _a1 online resource (xiii, 181 pages)
500 _aIncludes index.
505 0 0 _a1. Introduction /
_rHelen Forbes-Mewett -- 2. Defining vulnerability /
_rHelen Forbes-Mewett and Kien Nguyen-Trung -- 3. Rethinking individual vulnerability and homelessness in Singapore /
_rHarry Tan -- 4. Urbanisation, vulnerability and police legitimacy /
_rAllegra Clare Schermuly -- 5. Vulnerability to natural disasters: the case of Vietnam's Mekong Delta /
_rKien Nguyen-Trung -- 6. Refugee and asylum seeker vulnerability in the context of resettlement: the role of humanitarian organisations in Australia and Italy /
_rGianluigi Rotondo -- 7. International student migration and mental health /
_rJiamin Gan and Helen Forbes-Mewett -- 8. Young people's perceptions of intercultural relationships /
_rAnita McDonald-Doh -- 9. Negotiating 'vulnerability' in a 'mobile' world: tween girls' dressing in Singapore and YouTube /
_rBernice Loh -- 10. Conclusion /
_rHelen Forbes-Mewett -- Index.
520 _aPopulations across the world are becoming increasingly mobile for many different reasons. Some are searching for a better and safer life, others migrate for economic or environmental purposes, education, or identity formation. While mobility may bring better life-chances, this book shows that for some it means experiencing vulnerability. Vulnerability in a Mobile World considers the notion of vulnerability from various standpoints including intercultural relationships, homelessness, urbanisation, refugee and asylum seekers, and the use of YouTube by young girls. The diversity of the circumstances and characteristics of the vulnerable enable this book to uniquely show just how broad the notion of vulnerability can be. Presenting an international perspective to social problems in various settings, the chapters are brought together in a coherent argument that shows vulnerability has many forms and is often associated with mobile populations. Vulnerability in a Mobile World is based on a collection of studies by new and emerging scholars focussing on the impacts of migration and mobility in contemporary contexts. Within this framework, each chapter presents new findings that provides poignant examples of vulnerability involving diverse populations, geographical locations and circumstances.
588 0 _aPrint version record.
650 0 _aVulnerability (Personality trait)
650 0 _aCell phones.
650 7 _aPsychology, Personality.
_2bisacsh
650 7 _aThe self, ego, identity, personality.
_2bicssc
700 1 _aForbes-Mewett, Helen,
_eeditor.
776 _z9781787569126
856 4 0 _uhttps://doi.org/10.1108/9781787569119
999 _c29581
_d29581